000 00356nam a2200145 a 4500
005 20140414132107.0
008 100906s19uu xx 00 eng d
050 _aM 745
_bSm1 2009
100 _a
245 _aSmart kids activity.
260 _aLondon :
_bPriddy books,
_c2004.
440 _aExtreme animals
650 _aArt activity
999 _c114624
_d114624